| 000 | 01428cam a22002536a 4500 | ||
|---|---|---|---|
| 001 | L159143 | ||
| 008 | 160208s2016 xxk f 000 0 eng d | ||
| 020 | _a9781482240436 | ||
| 035 | _a(Sirsi) u159143 | ||
| 041 | 0 | _aeng | |
| 050 | 0 | 4 | _a692.8 $2 18 |
| 100 | 1 | _aNawari, Nawari O. | |
| 245 | 0 | 0 |
_aBuilding information modeling _bFramework for structural design |
| 260 |
_aLondon _bCRC Press _bTaylor and Francis _c2016 |
||
| 300 |
_axvii, 272p. _c23cm |
||
| 520 | _aHighlights the BIM technology and explains how it is redefining the structural analysis and design of building structures. Introduces a new framework?the structure and architecture synergy framework (SAS framework)?that helps develop and enhance the understanding of the fundamental principles of architectural analysis using BIM tools. Based upon three main components: the structural melody, structural poetry, and structural analysis, along with the BIM tools as the frame enabler, this new framework allows users to explore structural design as an art while also factoring in the principles of engineering. The framework stresses the influence structure can play in form generation and in defining spatial order and composition. | ||
| 650 | 2 | 4 |
_aBIM _96219 |
| 650 | 2 | 4 | _aSTRUCTURE AND ARCHITECTURE SYNERGY FRAMEWORK |
| 650 | 2 | 4 | _aSTRUCTURAL DESIGN |
| 651 | 4 |
_aUnited Kingdom _y |
|
| 690 |
_aBIM _96219 |
||
| 700 | 1 | _aKuenstle, Michael | |
| 942 | _n0 | ||
| 999 |
_c115700 _d115700 |
||